000
00304nam a2200121 a 4500
005
20140414131922.0
008
101023s19uu xx 00 eng d
050
_a
ER
_b
Ea1 2006
100
_a
Tan, Susan
245
_a
Eavesdropping eve.
260
_b
Penerbitan Pelangi Sdn. Bhd,
_c
2006.
999
_c
111800
_d
111800